000 00376nam a2200145Ia 4500
008 230917s9999||||xx |||||||||||||| ||und||
040 _e160296
_aMAIN
041 _aEnglish
082 _a338.4791 S754H
100 _aSethi, Praveen, ed.
245 0 _aHandbook of hospitality and tourism
260 _aNew Delhi
_bAnmol Publications
_c2005
300 _a305 p.
942 _cBK
999 _c130470
_d130470